| 000 | 00668 a2200169 4500 | ||
|---|---|---|---|
| 003 | Nust | ||
| 005 | 20221216174238.0 | ||
| 040 | _cNust | ||
| 082 | _a621.3824,BLA | ||
| 100 |
_aV.Blake, Lamonat _9105131 |
||
| 245 |
_aAntennas / _cLamonat V.Blake, |
||
| 260 |
_aJohn Wiely & Sons _bNew York _c1966 |
||
| 300 | _a415 p | ||
| 505 | _aElectromagnetic waves (Page-1). Transmission lines (Page-57), Antennas parameters (Page-107), Basic radiators and feed methods (Page-149), Arrays (Page-209). Reflectors and lenses (Page-256), Antennas with special properties (Page-301), Antennas measurements (Page-349). | ||
| 650 | _aTelecommunication engineering | ||
| 942 |
_2ddc _cBK |
||
| 999 |
_c189400 _d189400 |
||